| 000 | 00867pab a2200193 454500 | ||
|---|---|---|---|
| 008 | 180718b2007 xxu||||| |||| 00| 0 eng d | ||
| 100 | _aBanerjee, Abhijit Vinayak et al. | ||
| 245 | _aBeyond Nandigram: industrialisation in West Bengal | ||
| 260 | _c2007 | ||
| 300 | _ap.1487-489. | ||
| 362 | _a28 Apr | ||
| 520 | _aIf we are to learn the right lessons from the tragedy of Nandigram, then we must ensure that the government is involved in the land acquisition process and that we correctly deal with three sets of issues: the size and form of compensation, the eligibility for compensation and the credibility of the process. - Reproduced. | ||
| 650 | _aIndustrialisation - India - West Bengal | ||
| 650 | _aAgricultural land - India - West Bengal | ||
| 650 | _aAgricultural land | ||
| 773 | _aEconomic and Political Weekly | ||
| 908 | _aN | ||
| 909 | _a73743 | ||
| 999 |
_c73743 _d73743 |
||